[Event "Philadelphia National op 34th"]
[Site "Philadelphia"]
[Date "2003.11.28"]
[Round "1"]
[White "Dougherty, Michael J"]
[Black "Bailleau, Gerald"]
[Result "1-0"]
[WhiteElo "2244"]
[BlackElo "2203"]
[PlyCount "81"]
[EventDate "2003.11.28"]
[EventType "swiss"]
[EventRounds "6"]
[EventCountry "USA"]
[SourceTitle "CBM 097 Extra"]
[Source "ChessBase"]
[SourceDate "2004.01.13"]
[SourceVersion "1"]
[SourceVersionDate "2004.01.13"]
[SourceQuality "1"]

1. e4 c6 2. c4 d5 3. exd5 Nf6 4. Nc3 cxd5 5. cxd5 Nxd5 6. Bb5+ Bd7 7. Bc4 Bc6 8. Nf3 e6 9. d4 Be7 10. 0-0 0-0 11. Re1 Re8 12. Ne5 Bf6 13. Ne4 Bxe5 14. dxe5 Nb6 15. Qg4 Bxe4 16. Rxe4 Kh8 17. Bg5 Qc7 18. Bd3 N8d7 19. Rc1 Qb8 20. Qh5 g6 21. Qh6 Rc8 22. Rce1 Rc5 23. Rh4 Qg8 24. Be7 Ra5 25. a3 Nd5 26. Rd4 Nxe7 27. Rxd7 Nc6 28. Qf4 Rf8 29. Rxb7 Qg7 30. Bb5 Nd8 31. Rb8 a6 32. Bc4 Kg8 33. Qd2 Nc6 34. Rxf8+ Qxf8 35. Qd6 Qc8 36. b3 Nd8 37. Rd1 Nb7 38. Qb6 Rc5 39. h3 Rc6 40. Qa7 Nc5 41. Qe7 1-0